000 00497nam a2200169 i 4500
001 88542
003 ES-MaACL
005 20240522063038.0
007 t|
008 050104s1920 fr ||||1| fre d
100 1 _aLamartine, Alphonse de,
_d1790-1869
_969776
245 1 0 _aRaphaël
_b: pages de la vingtième année /
_cA. de Lamartine.
260 _aParís :
_bLibrairie Hachette,
_c1920.
300 _a223 p. ;
_c19 cm.
852 _aES-MaACL
_jG-8596
999 _c88542
_d88542